[Event "Puhajarve Rapid op 21st"]
[Site "Puhajarve"]
[Date "2021.11.28"]
[Round "37"]
[White "Morozevich, Alexander"]
[Black "Blomqvist, Erik"]
[Result "1-0"]
[WhiteElo "2659"]
[BlackElo "2542"]
[PlyCount "49"]
[EventDate "2021.11.26"]
[EventType "tourn (rapid)"]
[EventRounds "37"]
[EventCountry "EST"]
[SourceTitle "CBM 205 Extra"]
[Source "ChessBase"]
[SourceDate "2022.01.31"]
[SourceVersion "1"]
[SourceVersionDate "2022.01.31"]
[SourceQuality "1"]

1. Nf3 c5 2. e4 e6 3. d4 cxd4 4. Nxd4 Nc6 5. Nc3 Qc7 6. Be3 a6 7. Qf3 Nf6 8. 0-0-0 Be7 9. Be2 d6 10. Qg3 Bd7 11. Kb1 0-0 12. Bh6 Ne8 13. h4 Kh8 14. Bg5 Nf6 15. f4 Rac8 16. Nf3 b5 17. e5 dxe5 18. fxe5 b4 19. Rh3 Nh5 20. Qg4 bxc3 21. Qxh5 Ba3 22. Bd3 h6 23. Bxh6 g6 24. Bg5+ gxh5 25. Bf6+ 1-0

[Event "Puhajarve Rapid op 21st"]
[Site "Puhajarve"]
[Date "2021.11.28"]
[Round "31"]
[White "Morozevich, Alexander"]
[Black "Neiksans, Arturs"]
[Result "1-0"]
[WhiteElo "2659"]
[BlackElo "2575"]
[PlyCount "51"]
[EventDate "2021.11.26"]
[EventType "tourn (rapid)"]
[EventRounds "37"]
[EventCountry "EST"]
[SourceTitle "CBM 205 Extra"]
[Source "ChessBase"]
[SourceDate "2022.01.31"]
[SourceVersion "1"]
[SourceVersionDate "2022.01.31"]
[SourceQuality "1"]

1. d4 Nf6 2. c4 e6 3. Nc3 Bb4 4. Qc2 0-0 5. a3 Bxc3+ 6. Qxc3 d5 7. Bg5 dxc4 8. Qxc4 b6 9. Rd1 Ba6 10. Qa4 Qd7 11. Qc2 Rc8 12. Bxf6 gxf6 13. h4 Qe7 14. Rh3 Nd7 15. e4 Bb7 16. Ne2 c5 17. d5 exd5 18. exd5 Re8 19. d6 Qe5 20. Re3 Qh5 21. Qa4 Rxe3 22. Qxd7 Ree8 23. Qxb7 Qxh4 24. d7 Red8 25. Ng3 Rab8 26. Qxb8 1-0

[Event "Puhajarve Rapid op 21st"]
[Site "Puhajarve"]
[Date "2021.11.27"]
[Round "13"]
[White "Morozevich, Alexander"]
[Black "Sirosh, Ilja"]
[Result "1-0"]
[WhiteElo "2659"]
[BlackElo "2402"]
[PlyCount "101"]
[EventDate "2021.11.26"]
[EventType "tourn (rapid)"]
[EventRounds "37"]
[EventCountry "EST"]
[SourceTitle "CBM 205 Extra"]
[Source "ChessBase"]
[SourceDate "2022.01.31"]
[SourceVersion "1"]
[SourceVersionDate "2022.01.31"]
[SourceQuality "1"]

1. e4 c5 2. Nf3 d6 3. d4 cxd4 4. Nxd4 Nf6 5. Nc3 a6 6. Bd3 e5 7. Nde2 Be7 8. 0-0 0-0 9. Ng3 Be6 10. Nd5 Nxd5 11. exd5 Bxd5 12. Bxh7+ Kxh7 13. Qxd5 Nc6 14. f4 f5 15. Be3 g6 16. Rad1 Qe8 17. Ne2 Qf7 18. Nc3 Qxd5 19. Nxd5 Bd8 20. c3 b5 21. Rd3 e4 22. Rd2 Ne7 23. Nb6 Bxb6 24. Bxb6 Nc8 25. Be3 Rd8 26. Rfd1 Kg7 27. b3 Kf7 28. c4 Re8 29. h3 bxc4 30. bxc4 Rb8 31. g4 Rb4 32. c5 dxc5 33. Bxc5 Rc4 34. Rd7+ Ke6 35. Be3 Ra4 36. g5 Re7 37. Rd8 Rc7 38. Rg8 Kf7 39. Rdd8 Ne7 40. Rgf8+ Kg7 41. Rfe8 Nc6 42. Rg8+ Kh7 43. Rh8+ Kg7 44. Rdg8+ Kf7 45. h4 Rxa2 46. h5 gxh5 47. g6+ Ke6 48. Rh7 Ne7 49. Re8 Re2 50. g7 Rxe3 51. g8Q+ 1-0